[Event "NB2 Breyer csoport"]
[Site "Budapest"]
[Date "2024.12.01"]
[Round "3.3"]
[White "Ongut, Tamas Gunes"]
[Black "Horvath, Gabor"]
[Result "1-0"]
[WhiteElo "2256"]
[BlackElo "2130"]
[PlyCount "65"]
[GameId "2119681027093793"]
[EventDate "2024.11.03"]
[EventType "team-tourn"]
[EventRounds "9"]
[EventCountry "HUN"]
[Source "chess.hu"]
[WhiteTeam "MTK Budapest II."]
[BlackTeam "Varosgazda Akademia"]
[WhiteTeamCountry "HUN"]
[BlackTeamCountry "HUN"]

1. e4 c5 2. Nf3 Nc6 3. Bb5 e6 4. O-O Nge7 5. Re1 a6 6. Bf1 d5 7. exd5 Nxd5 8. d4 Be7 9. c4 Nf6 10. Be3 cxd4 11. Nxd4 Bd7 12. Nb3 O-O 13. Nc3 Na5 14. Nc5 Qc7 15. b4 Nc6 16. Nxd7 Nxd7 17. a3 Rfd8 18. Qf3 Bd6 19. h3 Nce5 20. Qe2 b6 21. Rac1 Rac8 22. Ne4 Be7 23. c5 bxc5 24. Bxc5 Bxc5 25. Nxc5 Qb6 26. Nxd7 Nxd7 27. Rxc8 Rxc8 28. Qxa6 Qc7 29. a4 Rb8 30. b5 Nc5 31. Qc6 Qxc6 32. bxc6 Kf8 33. Rc1 1-0

[Event "NB2 Breyer csoport"]
[Site "Budapest"]
[Date "2024.12.01"]
[Round "3.4"]
[White "Salamon, Laszlo"]
[Black "Matyassy, Lazar"]
[Result "1/2-1/2"]
[WhiteElo "1976"]
[BlackElo "2269"]
[PlyCount "79"]
[GameId "2119681063097649"]
[EventDate "2024.11.03"]
[EventType "team-tourn"]
[EventRounds "9"]
[EventCountry "HUN"]
[Source "chess.hu"]
[WhiteTeam "Varosgazda Akademia"]
[BlackTeam "MTK Budapest II."]
[WhiteTeamCountry "HUN"]
[BlackTeamCountry "HUN"]

1. e4 c5 2. Nf3 d6 3. d4 cxd4 4. Nxd4 Nf6 5. Nc3 Nc6 6. Bc4 e6 7. Be3 a6 8. Qe2 Bd7 9. Bb3 Na5 10. O-O-O b5 11. f3 Qc7 12. g4 b4 13. Nb1 Be7 14. g5 Nh5 15. Nd2 g6 16. f4 O-O 17. Kb1 Rfc8 18. f5 Nxb3 19. N2xb3 e5 20. fxg6 hxg6 21. Nf5 Bf8 22. Rd2 Qb7 23. Nxd6 Bxd6 24. Rxd6 Qxe4 25. Re1 Bf5 26. Nc5 Qh4 27. Rd2 Rc6 28. Bf2 Qxg5 29. Rg1 Qh6 30. Nd3 Nf4 31. Nxf4 Qxf4 32. Bg3 Qg5 33. h4 Qe7 34. Qxe5 Qxe5 35. Bxe5 Rac8 36. Rgg2 Re8 37. Bg3 a5 38. Rge2 Rec8 39. b3 a4 40. Bd6 1/2-1/2

[Event "NB2 Breyer csoport"]
[Site "Budapest"]
[Date "2024.12.01"]
[Round "3.5"]
[White "Geher, Koppany"]
[Black "Goblyos, Gyorgy"]
[Result "1-0"]
[WhiteElo "2201"]
[BlackElo "2040"]
[PlyCount "75"]
[GameId "2119681113699649"]
[EventDate "2024.11.03"]
[EventType "team-tourn"]
[EventRounds "9"]
[EventCountry "HUN"]
[Source "chess.hu"]
[WhiteTeam "MTK Budapest II."]
[BlackTeam "Varosgazda Akademia"]
[WhiteTeamCountry "HUN"]
[BlackTeamCountry "HUN"]

1. e4 e5 2. Nf3 Nc6 3. Bb5 a6 4. Ba4 b5 5. Bb3 Na5 6. O-O d6 7. d4 exd4 8. Nxd4 Bb7 9. c4 Nxb3 10. Qxb3 c5 11. Nf5 b4 12. Rd1 g6 13. Qa4+ Qd7 14. Nxd6+ Bxd6 15. Qxd7+ Kxd7 16. Bf4 Bxe4 17. Rxd6+ Ke7 18. Nd2 Bf5 19. Re1+ Kf8 20. Nb3 f6 21. Nxc5 Rc8 22. Rxa6 g5 23. Bd2 b3 24. axb3 Kf7 25. b4 h5 26. Bc3 Rh6 27. f3 g4 28. fxg4 hxg4 29. Nb7 Kg6 30. Nd6 Rc7 31. b5 Rch7 32. Re8 Ne7 33. Ra7 Rxh2 34. Raxe7 Rh1+ 35. Kf2 Rxe7 36. Rxe7 Bd3 37. Re1 Rh8 38. Re8 1-0

[Event "NB2 Breyer csoport"]
[Site "Budapest"]
[Date "2024.12.01"]
[Round "3.6"]
[White "Botlik, Bela"]
[Black "Terbe, Zsuzsanna"]
[Result "0-1"]
[WhiteElo "1997"]
[BlackElo "2149"]
[PlyCount "78"]
[GameId "2119681156126033"]
[EventDate "2024.11.03"]
[EventType "team-tourn"]
[EventRounds "9"]
[EventCountry "HUN"]
[Source "chess.hu"]
[WhiteTeam "Varosgazda Akademia"]
[BlackTeam "MTK Budapest II."]
[WhiteTeamCountry "HUN"]
[BlackTeamCountry "HUN"]

1. d4 d5 2. Bg5 Nf6 3. Bxf6 exf6 4. e3 Be6 5. Bd3 Bd6 6. Nc3 f5 7. Nge2 c6 8. Ng3 g6 9. Nce2 Nd7 10. c3 O-O 11. Ng1 Re8 12. Nh3 Nf6 13. Ne2 Qc7 14. g3 Re7 15. Ng5 Rae8 16. Nxe6 Rxe6 17. O-O h5 18. c4 h4 19. c5 Bf8 20. Nf4 R6e7 21. Ng2 hxg3 22. hxg3 Bh6 23. Qf3 Kg7 24. Bxf5 gxf5 25. Nh4 Re6 26. Nxf5+ Kh7 27. Kg2 Ng8 28. Rh1 Qd7 29. g4 Rg6 30. Rh5 Re4 31. g5 Rxg5+ 32. Rxg5 Bxg5 33. Rh1+ Bh6 34. Nd6 Re7 35. Rh5 Qe6 36. Kf1 Qg6 37. Rf5 f6 38. b4 Rg7 39. Ne8 Qxe8 0-1

[Event "NB2 Breyer csoport"]
[Site "Budapest"]
[Date "2024.12.01"]
[Round "3.7"]
[White "Toth, Lili"]
[Black "Banhazi, Istvan"]
[Result "1-0"]
[WhiteElo "2011"]
[BlackElo "1915"]
[PlyCount "39"]
[GameId "2119681200399713"]
[EventDate "2024.11.03"]
[EventType "team-tourn"]
[EventRounds "9"]
[EventCountry "HUN"]
[Source "chess.hu"]
[WhiteTeam "MTK Budapest II."]
[BlackTeam "Varosgazda Akademia"]
[WhiteTeamCountry "HUN"]
[BlackTeamCountry "HUN"]

1. e4 c5 2. Nf3 d6 3. d4 cxd4 4. Nxd4 Nf6 5. Nc3 a6 6. h3 e5 7. Nf3 h6 8. g4 Be6 9. Bg2 Qc7 10. O-O Nbd7 11. g5 hxg5 12. Nxg5 Bc4 13. Re1 O-O-O 14. a4 Be7 15. Nd5 Nxd5 16. exd5 Bxg5 17. Bxg5 f6 18. Be3 a5 19. Ra3 Nc5 20. Qg4+ 1-0

[Event "NB2 Breyer csoport"]
[Site "Budapest"]
[Date "2024.12.01"]
[Round "3.8"]
[White "Li, Changxing"]
[Black "Boros, Krisztian Levente"]
[Result "0-1"]
[WhiteElo "1905"]
[BlackElo "2083"]
[PlyCount "30"]
[GameId "2119681247192433"]
[EventDate "2024.11.03"]
[EventType "team-tourn"]
[EventRounds "9"]
[EventCountry "HUN"]
[Source "chess.hu"]
[WhiteTeam "Varosgazda Akademia"]
[BlackTeam "MTK Budapest II."]
[WhiteTeamCountry "HUN"]
[BlackTeamCountry "HUN"]

1. e4 c5 2. Nf3 e6 3. d4 cxd4 4. Nxd4 Nf6 5. Nc3 Nc6 6. Nxc6 bxc6 7. e5 Nd5 8. Ne4 Qc7 9. f4 Rb8 10. a3 Qb6 11. c4 f5 12. Nf2 Ne3 13. Qe2 Qa5+ 14. b4 Bxb4+ 15. axb4 Qxb4+ 0-1

[Event "NB2 Breyer csoport"]
[Site "Budapest"]
[Date "2024.12.01"]
[Round "3.9"]
[White "Berta, Sandor"]
[Black "Papp, Bence"]
[Result "1-0"]
[WhiteElo "2080"]
[BlackElo "1758"]
[PlyCount "129"]
[GameId "2119681346774401"]
[EventDate "2024.11.03"]
[EventType "team-tourn"]
[EventRounds "9"]
[EventCountry "HUN"]
[Source "chess.hu"]
[WhiteTeam "MTK Budapest II."]
[BlackTeam "Varosgazda Akademia"]
[WhiteTeamCountry "HUN"]
[BlackTeamCountry "HUN"]

1. g3 Nf6 2. Bg2 d5 3. c4 e6 4. Nf3 Be7 5. O-O O-O 6. d4 b6 7. Ne5 Bb7 8. Qa4 Nfd7 9. Rd1 Bf6 10. Ng4 Be7 11. Nc3 Nf6 12. Ne5 Qc8 13. cxd5 exd5 14. b4 c5 15. bxc5 bxc5 16. Ba3 Re8 17. Rab1 cxd4 18. Rxb7 Bxa3 19. Nxd5 Rxe5 20. Nxf6+ gxf6 21. Qxa3 Nc6 22. Qb2 Qe6 23. Bxc6 Qxc6 24. Rxd4 Rxe2 25. Qxe2 Qxb7 26. Qg4+ Kh8 27. Qf5 Kg7 28. Rg4+ Kf8 29. Qxf6 Re8 30. Qd6+ Re7 31. Rb4 Qd7 32. Qh6+ Kg8 33. Qg5+ Kf8 34. Qh6+ Kg8 35. Qg5+ Kf8 36. Rb8+ Re8 37. Qh6+ Kg8 38. Qg5+ Kf8 39. Qc5+ Kg8 40. Rxe8+ Qxe8 41. Qxa7 Qe1+ 42. Kg2 Qe4+ 43. f3 Qe2+ 44. Qf2 Qc4 45. Qb2 h5 46. Qb3 Qe2+ 47. Kh3 Qf1+ 48. Kh4 Qf2 49. h3 Qc5 50. Qb8+ Kg7 51. f4 f6 52. a4 Kh6 53. Qb5 Qe7 54. Qxh5+ Kg7 55. Qf5 Kh6 56. a5 Qf7 57. a6 Kg7 58. Qc8 f5 59. Qb7 Kh6 60. g4 Qe6 61. Qb4 Kg7 62. gxf5 Qxa6 63. Qe7+ Kh8 64. f6 Qc4 65. Qg7# 1-0

[Event "NB2 Breyer csoport"]
[Site "Budapest"]
[Date "2024.12.01"]
[Round "3.10"]
[White "Sandor, Jozsef"]
[Black "Molnar, Aurel Jr."]
[Result "0-1"]
[WhiteElo "1875"]
[BlackElo "2077"]
[PlyCount "66"]
[GameId "2119681383671185"]
[EventDate "2024.11.03"]
[EventType "team-tourn"]
[EventRounds "9"]
[EventCountry "HUN"]
[Source "chess.hu"]
[WhiteTeam "Varosgazda Akademia"]
[BlackTeam "MTK Budapest II."]
[WhiteTeamCountry "HUN"]
[BlackTeamCountry "HUN"]

1. Nf3 Nf6 2. d4 g6 3. Nc3 d5 4. Bf4 Bg7 5. e3 O-O 6. Be2 Bf5 7. Ne5 Ne4 8. Nxe4 Bxe4 9. f3 Bf5 10. g4 Be6 11. h4 c5 12. c3 c4 13. g5 f6 14. Ng4 Nc6 15. Qc2 Bxg4 16. fxg4 e5 17. dxe5 fxe5 18. Bg3 b5 19. O-O-O Qb6 20. Qd2 d4 21. exd4 exd4 22. h5 d3 23. hxg6 hxg6 24. Rdf1 Ne5 25. Bxe5 Bxe5 26. Bf3 Rad8 27. Be4 Rxf1+ 28. Rxf1 Rf8 29. Bd5+ Kg7 30. Rxf8 Kxf8 31. b3 Qg1+ 32. Kb2 b4 33. Qg2 Bxc3# 0-1

[Event "NB2 Breyer csoport"]
[Site "Budapest"]
[Date "2024.12.01"]
[Round "3.11"]
[White "Molnar, Jozsef"]
[Black "Berla, Zoltan Mate"]
[Result "1-0"]
[WhiteElo "2033"]
[BlackElo "1765"]
[PlyCount "45"]
[GameId "2119681464153800"]
[EventDate "2024.11.03"]
[EventType "team-tourn"]
[EventRounds "9"]
[EventCountry "HUN"]
[Source "chess.hu"]
[WhiteTeam "MTK Budapest II."]
[BlackTeam "Varosgazda Akademia"]
[WhiteTeamCountry "HUN"]
[BlackTeamCountry "HUN"]

{[%evp 0,9,25,21,16,17,18,4,1,13,10,30]} 1. e4 c5 2. Nf3 Nc6 3. c3 d5 4. exd5 Qxd5 5. d4 Bg4 6. Be2 e6 7. h3 Bh5 8. O-O Nf6 9. Na3 Be7 10. Nb5 Rc8 11. dxc5 Bxc5 12. Be3 Bxe3 13. Nd6+ Kd7 14. Nxc8 Bc5 15. b4 Rxc8 16. bxc5 Ke7 17. Qb3 Na5 18. Qb4 Qxc5 19. Rab1 Nd5 20. Qh4+ Nf6 21. Rb5 Qxc3 22. Rxh5 Qb2 23. Rxa5 1-0

[Event "NB2 Breyer csoport"]
[Site "Budapest"]
[Date "2024.12.01"]
[Round "3.12"]
[White "Ma, Guangxianzhao"]
[Black "Toth, Rafael"]
[Result "0-1"]
[WhiteElo "1773"]
[BlackElo "1912"]
[PlyCount "32"]
[GameId "2119681537357539"]
[EventDate "2024.11.03"]
[EventType "team-tourn"]
[EventRounds "9"]
[EventCountry "HUN"]
[Source "chess.hu"]
[WhiteTeam "Varosgazda Akademia"]
[BlackTeam "MTK Budapest II."]
[WhiteTeamCountry "HUN"]
[BlackTeamCountry "HUN"]

{[%evp 0,14,16,19,13,11,14,-4,13,-3,-3,-2,13,-36,-16,-18,-11]} 1. e4 c5 2. Nc3 Nc6 3. f4 g6 4. Bb5 Nd4 5. Nf3 Bg7 6. O-O Nxb5 7. Nxb5 d5 8. exd5 a6 9. Nc3 Nf6 10. d3 Nxd5 11. Nxd5 Qxd5 12. Re1 O-O 13. Rxe7 Be6 14. Ng5 Bf6 15. Nxe6 fxe6 16. Rc7 Bd8 0-1

[Event "NB2 Breyer csoport"]
[Site "Tatabanya"]
[Date "2024.12.01"]
[Round "3.1"]
[White "Szabo-Toth, Gabor"]
[Black "Farkas, Gyula"]
[Result "1-0"]
[WhiteElo "2153"]
[BlackElo "2119"]
[PlyCount "80"]
[GameId "2119378739025804"]
[EventDate "2024.11.03"]
[EventType "team-tourn"]
[EventRounds "9"]
[EventCountry "HUN"]
[Source "chess.hu"]
[WhiteTeam "Geniusz Tata-Naszaly"]
[BlackTeam "Tatabanyai SC"]
[WhiteTeamCountry "HUN"]
[BlackTeamCountry "HUN"]

1. e4 c5 2. Nf3 Nc6 3. d4 cxd4 4. Nxd4 Qb6 5. Nb3 Nf6 6. Nc3 e6 7. Bd3 Bb4 8. O-O O-O 9. Be3 Qc7 10. f4 d5 11. e5 Ne8 12. Nb5 Qd8 13. Qh5 g6 14. Qg4 f5 15. Qe2 a6 16. N5d4 Nxd4 17. Bxd4 Rf7 18. Qe3 Bd7 19. Bb6 Qc8 20. Nd4 Nc7 21. c4 Bc6 22. c5 Qf8 23. Rfc1 Nb5 24. Bxb5 axb5 25. Nxe6 Qc8 26. Nd4 Ba5 27. Bxa5 Rxa5 28. b4 Ra4 29. a3 Re7 30. Rc3 Qe8 31. Re1 Ra8 32. e6 Qf8 33. Qe5 Qg7 34. Nxf5 gxf5 35. Rg3 d4 36. Qxd4 Qxg3 37. hxg3 Rae8 38. Qf6 Be4 39. Rxe4 fxe4 40. f5 Rg7 1-0

[Event "NB2 Breyer csoport"]
[Site "Tatabanya"]
[Date "2024.12.01"]
[Round "3.2"]
[White "Simonics, Peter"]
[Black "Kovacs, Reka"]
[Result "1/2-1/2"]
[WhiteElo "2112"]
[BlackElo "2084"]
[PlyCount "86"]
[GameId "2119378689374076"]
[EventDate "2024.11.03"]
[EventType "team-tourn"]
[EventRounds "9"]
[EventCountry "HUN"]
[Source "chess.hu"]
[WhiteTeam "Tatabanyai SC"]
[BlackTeam "Geniusz Tata-Naszaly"]
[WhiteTeamCountry "HUN"]
[BlackTeamCountry "HUN"]

1. e4 e5 2. Nf3 Nc6 3. Bc4 Nf6 4. Ng5 d5 5. exd5 b5 6. Bf1 Nxd5 7. Bxb5 Bb7 8. d4 exd4 9. O-O Be7 10. Qh5 g6 11. Qh6 Qd7 12. Qg7 O-O-O 13. Qxf7 Rhf8 14. Qe6 Ne3 15. Bxe3 dxe3 16. Qxe3 Rf5 17. Ne6 Rxb5 18. Nxd8 Nxd8 19. Kh1 Bc5 20. Qe2 Bd4 21. c3 Rh5 22. f3 Be5 23. h3 Ne6 24. Qd2 Qb5 25. Na3 Qa4 26. Rad1 Bd6 27. Qe3 Re5 28. Qh6 Rh5 29. Qe3 Re5 30. Qh6 Qf4 31. Qxf4 Nxf4 32. Nc4 Rg5 33. Nxd6+ cxd6 34. Rd2 Kc7 35. Kh2 Ba6 36. c4 Re5 37. b3 Kc6 38. Rfd1 Re6 39. Rd4 g5 40. R1d2 h6 41. b4 Bc8 42. a4 Rf6 43. Kg3 Bf5 1/2-1/2

[Event "NB2 Breyer csoport"]
[Site "Tatabanya"]
[Date "2024.12.01"]
[Round "3.3"]
[White "Sinoros-Szabo, Daniel"]
[Black "Gaspar, David"]
[Result "1-0"]
[WhiteElo "2024"]
[BlackElo "2060"]
[PlyCount "47"]
[GameId "2119378647906156"]
[EventDate "2024.11.03"]
[EventType "team-tourn"]
[EventRounds "9"]
[EventCountry "HUN"]
[Source "chess.hu"]
[WhiteTeam "Geniusz Tata-Naszaly"]
[BlackTeam "Tatabanyai SC"]
[WhiteTeamCountry "HUN"]
[BlackTeamCountry "HUN"]

1. e4 c5 2. Nf3 d6 3. d4 cxd4 4. Nxd4 Nf6 5. Nc3 Nc6 6. Bg5 e5 7. Ndb5 a6 8. Na3 Be7 9. Nc4 Nd4 10. Bxf6 gxf6 11. Nd5 Be6 12. c3 Nb5 13. a4 Nc7 14. Ncb6 Rb8 15. Ne3 O-O 16. Bd3 Kh8 17. O-O d5 18. exd5 Nxd5 19. Nbxd5 Bxd5 20. Bxh7 Kxh7 21. Qh5+ Kg8 22. Qg4+ Kh8 23. Nf5 Bf3 24. Qg7# 1-0

[Event "NB2 Breyer csoport"]
[Site "Tatabanya"]
[Date "2024.12.01"]
[Round "3.4"]
[White "Viczencz, Peter"]
[Black "Laszlo, Imre"]
[Result "1/2-1/2"]
[WhiteElo "2038"]
[BlackElo "1991"]
[PlyCount "32"]
[GameId "2119378609592156"]
[EventDate "2024.11.03"]
[EventType "team-tourn"]
[EventRounds "9"]
[EventCountry "HUN"]
[Source "chess.hu"]
[WhiteTeam "Tatabanyai SC"]
[BlackTeam "Geniusz Tata-Naszaly"]
[WhiteTeamCountry "HUN"]
[BlackTeamCountry "HUN"]

1. e4 e5 2. Nf3 Nc6 3. Bb5 Nge7 4. O-O a6 5. Ba4 g6 6. c3 Bg7 7. d4 exd4 8. Nxd4 b5 9. Bb3 O-O 10. Bg5 Nxd4 11. cxd4 h6 12. Bh4 d6 13. Nc3 g5 14. Bg3 c5 15. dxc5 dxc5 16. Qe2 Nc6 1/2-1/2

[Event "NB2 Breyer csoport"]
[Site "Tatabanya"]
[Date "2024.12.01"]
[Round "3.5"]
[White "Sipos, Stefania"]
[Black "Sike, Tamas"]
[Result "1-0"]
[WhiteElo "1897"]
[BlackElo "2072"]
[PlyCount "157"]
[GameId "2119378567935820"]
[EventDate "2024.11.03"]
[EventType "team-tourn"]
[EventRounds "9"]
[EventCountry "HUN"]
[Source "chess.hu"]
[WhiteTeam "Geniusz Tata-Naszaly"]
[BlackTeam "Tatabanyai SC"]
[WhiteTeamCountry "HUN"]
[BlackTeamCountry "HUN"]

1. e4 Nf6 2. e5 Nd5 3. c4 Nb6 4. d4 d6 5. exd6 cxd6 6. Nc3 g6 7. h3 Bg7 8. Nf3 O-O 9. Be2 Nc6 10. O-O e5 11. Bg5 f6 12. Be3 f5 13. dxe5 dxe5 14. Qxd8 Rxd8 15. c5 Nd7 16. Bc4+ Kf8 17. Ng5 Nf6 18. Nb5 h6 19. Nf7 Rd7 20. Nbd6 Re7 21. Nxc8 Rxc8 22. Nd6 Rcc7 23. Rad1 Nd7 24. Nb5 Rc8 25. Nd6 Rb8 26. f3 Nf6 27. a3 a6 28. b4 Rd8 29. Bf2 Rdd7 30. Rfe1 Ne8 31. Nc8 Rxd1 32. Rxd1 Rc7 33. Nb6 Nf6 34. Bg3 f4 35. Bf2 e4 36. fxe4 Nxe4 37. Nd7+ Ke8 38. Re1 Rxd7 39. Rxe4+ Re7 40. Rxf4 Bb2 41. Bd5 Ne5 42. Re4 Nc6 43. a4 Rxe4 44. Bxe4 Nxb4 45. Bxb7 Kd7 46. c6+ Nxc6 47. Bxa6 Kd6 48. Be3 g5 49. Kf2 Bc3 50. Ke2 Ba5 51. Bb5 Ne5 52. Bd2 Bxd2 53. Kxd2 g4 54. h4 Ng6 55. g3 Ne7 56. Ke3 Ke5 57. Bd7 Nd5+ 58. Kd3 Nf6 59. Bc8 Kd5 60. a5 Kc5 61. a6 Kb6 62. Ke3 Nh5 63. Kf2 Nf6 64. Ke3 Nh5 65. Bxg4 Nxg3 66. Kf4 Nf1 67. Be2 Nd2 68. Ke5 Nb3 69. Kf6 Nd4 70. Bd3 h5 71. Kg6 Ne6 72. Bf1 Nf4+ 73. Kg5 Nd5 74. Kxh5 Ne3 75. Bd3 Nd5 76. Kg5 Nc7 77. h5 Ne6+ 78. Kf6 Nf4 79. h6 1-0

[Event "NB2 Breyer csoport"]
[Site "Tatabanya"]
[Date "2024.12.01"]
[Round "3.6"]
[White "Szekely, Csaba"]
[Black "Kossela, Peter"]
[Result "1/2-1/2"]
[WhiteElo "2072"]
[BlackElo "2033"]
[PlyCount "84"]
[GameId "2119378459076410"]
[EventDate "2024.11.03"]
[EventType "team-tourn"]
[EventRounds "9"]
[EventCountry "HUN"]
[Source "chess.hu"]
[WhiteTeam "Tatabanyai SC"]
[BlackTeam "Geniusz Tata-Naszaly"]
[WhiteTeamCountry "HUN"]
[BlackTeamCountry "HUN"]

1. Nf3 Nf6 2. c4 e6 3. g3 d5 4. d4 Nbd7 5. cxd5 exd5 6. Bg2 c6 7. Nc3 Bd6 8. Bf4 Qe7 9. Bxd6 Qxd6 10. Qd3 O-O 11. O-O Re8 12. Nd2 Nf8 13. a3 Ne6 14. b4 Bd7 15. e3 a5 16. b5 cxb5 17. Nxb5 Qa6 18. a4 Nc7 19. Rab1 Nxb5 20. axb5 Qd6 21. e4 dxe4 22. Nxe4 Nxe4 23. Bxe4 g6 24. Bxb7 Bf5 25. Qd2 Rab8 26. Bc6 Bxb1 27. Bxe8 Be4 28. Bc6 Bxc6 29. bxc6 Qxc6 30. Qxa5 Rb5 31. Qd2 Qd7 32. Rd1 Rd5 33. Qe3 h5 34. h4 Kh7 35. Qf4 Kg7 36. Kg2 Kh7 37. Rd2 Kg7 38. f3 Rf5 39. Qe4 Rd5 40. Kh2 Qd8 41. Kh3 Qd7+ 42. Kg2 Kh7 1/2-1/2

[Event "NB2 Breyer csoport"]
[Site "Tatabanya"]
[Date "2024.12.01"]
[Round "3.7"]
[White "Vancsisin, Mark"]
[Black "Laszlo, Balazs"]
[Result "0-1"]
[WhiteElo "2005"]
[BlackElo "1972"]
[PlyCount "63"]
[GameId "2119378391181098"]
[EventDate "2024.11.03"]
[EventType "team-tourn"]
[EventRounds "9"]
[EventCountry "HUN"]
[Source "chess.hu"]
[WhiteTeam "Geniusz Tata-Naszaly"]
[BlackTeam "Tatabanyai SC"]
[WhiteTeamCountry "HUN"]
[BlackTeamCountry "HUN"]

1. e4 e5 2. Nf3 Nf6 3. Nc3 Bb4 4. Bc4 Bxc3 5. dxc3 d6 6. Qd3 Nc6 7. a3 Be6 8. Bg5 Qd7 9. O-O h6 10. Bh4 g5 11. Bg3 Bxc4 12. Qxc4 h5 13. h4 gxh4 14. Nxh4 O-O-O 15. f3 Rdg8 16. Kh2 Nh7 17. Nf5 Ng5 18. Rad1 Ne6 19. b4 Nf4 20. Bxf4 exf4 21. Qd5 h4 22. c4 Ne5 23. Kg1 h3 24. Rd2 Qd8 25. Qd4 hxg2 26. Rxg2 Rxg2+ 27. Kxg2 Qg5+ 28. Kf2 Rh2+ 29. Ke1 Qg2 30. Qf2 Nxf3+ 31. Ke2 Ng1+ 32. Ke1 0-1

[Event "NB2 Breyer csoport"]
[Site "Tatabanya"]
[Date "2024.12.01"]
[Round "3.8"]
[White "Szanto, Levente"]
[Black "Sinoros-Szabo, Mate"]
[Result "1/2-1/2"]
[WhiteElo "1930"]
[BlackElo "1975"]
[PlyCount "81"]
[GameId "2119378349315866"]
[EventDate "2024.11.03"]
[EventType "team-tourn"]
[EventRounds "9"]
[EventCountry "HUN"]
[Source "chess.hu"]
[WhiteTeam "Tatabanyai SC"]
[BlackTeam "Geniusz Tata-Naszaly"]
[WhiteTeamCountry "HUN"]
[BlackTeamCountry "HUN"]

1. e4 e5 2. Nf3 Nc6 3. d4 exd4 4. Nxd4 Nf6 5. Nc3 Bb4 6. Nxc6 bxc6 7. Bd3 O-O 8. O-O d5 9. exd5 cxd5 10. Bg5 c6 11. Qf3 h6 12. Bxf6 Qxf6 13. Qxf6 gxf6 14. Ne2 Re8 15. a3 Bf8 16. Rfe1 a5 17. Nf4 Be6 18. Nh5 Bg7 19. Re3 Bg4 20. Nxg7 Rxe3 21. fxe3 Kxg7 22. e4 d4 23. b3 Be6 24. Kf2 Kf8 25. Ke2 Ke7 26. a4 Rg8 27. g3 c5 28. Rf1 Rg5 29. Kd2 Rg8 30. Bb5 Rg5 31. Bd3 Rg8 32. Rf3 Rg5 33. Kc1 Rg8 34. Kb2 Rb8 35. Kc1 Rg8 36. Rf4 Rg4 37. Kd2 Rxf4 38. gxf4 f5 39. e5 f6 40. exf6+ Kxf6 41. Ke2 1/2-1/2

[Event "NB2 Breyer csoport"]
[Site "Tatabanya"]
[Date "2024.12.01"]
[Round "3.9"]
[White "Kasa, Barnabas"]
[Black "Balogh, Erik Zsigmond"]
[Result "0-1"]
[WhiteElo "1846"]
[BlackElo "2024"]
[PlyCount "48"]
[GameId "2119378305345290"]
[EventDate "2024.11.03"]
[EventType "team-tourn"]
[EventRounds "9"]
[EventCountry "HUN"]
[Source "chess.hu"]
[WhiteTeam "Geniusz Tata-Naszaly"]
[BlackTeam "Tatabanyai SC"]
[WhiteTeamCountry "HUN"]
[BlackTeamCountry "HUN"]

1. e4 e5 2. Nf3 Nc6 3. Bc4 Nf6 4. d3 Bc5 5. c3 d6 6. O-O h6 7. Nbd2 a6 8. Bb3 O-O 9. h3 Kh8 10. Re1 Nh7 11. Nf1 f5 12. d4 fxe4 13. Rxe4 Bf5 14. Rh4 e4 15. dxc5 exf3 16. g3 Ne5 17. Nh2 dxc5 18. Be3 g5 19. Rxh6 Kg7 20. Rxh7+ Kxh7 21. Bxc5 Qxd1+ 22. Rxd1 Rfe8 23. g4 Be4 24. Re1 Nd3 0-1

[Event "NB2 Breyer csoport"]
[Site "Tatabanya"]
[Date "2024.12.01"]
[Round "3.10"]
[White "Kosa, Andras Jozsef"]
[Black "Szobi, Geza"]
[Result "0-1"]
[WhiteElo "1846"]
[BlackElo "1894"]
[PlyCount "98"]
[GameId "2119378269738746"]
[EventDate "2024.11.03"]
[EventType "team-tourn"]
[EventRounds "9"]
[EventCountry "HUN"]
[Source "chess.hu"]
[WhiteTeam "Tatabanyai SC"]
[BlackTeam "Geniusz Tata-Naszaly"]
[WhiteTeamCountry "HUN"]
[BlackTeamCountry "HUN"]

1. e4 c5 2. c3 e6 3. d4 a6 4. Nf3 cxd4 5. cxd4 Qc7 6. Nc3 Bb4 7. Bd2 Nf6 8. Bd3 O-O 9. O-O Bxc3 10. Bxc3 d5 11. e5 Ne4 12. Rc1 Qe7 13. Nd2 Nxc3 14. bxc3 b5 15. Qh5 g6 16. Qh6 Rd8 17. f4 Qf8 18. Qh4 Nd7 19. Rf3 Bb7 20. Rh3 Qg7 21. f5 exf5 22. Bxf5 Nf8 23. Bd3 Re8 24. Rf1 Rac8 25. Nf3 Rxc3 26. Ng5 Rc7 27. Rhf3 Ree7 28. e6 f5 29. Nf7 Nxe6 30. Nh6+ Kh8 31. Kh1 Qxd4 32. Qg3 Qg7 33. Qh4 Qd4 34. Qg3 Qg7 35. Nxf5 gxf5 36. Qf2 Qd4 37. Qd2 Nc5 38. Qg5 Qg7 39. Qh4 Nxd3 40. Rxd3 Qg4 41. Qf6+ Qg7 42. Qh4 Rc4 43. Qf2 f4 44. Rd2 Rce4 45. Qb6 Qg8 46. Rdf2 Qe6 47. Qd8+ Kg7 48. Qb8 Qe5 49. Qd8 d4 0-1

[Event "NB2 Breyer csoport"]
[Site "Tatabanya"]
[Date "2024.12.01"]
[Round "3.11"]
[White "Kerekes, Gyorgy Jr."]
[Black "Bak, Tamas"]
[Result "1/2-1/2"]
[WhiteElo "1650"]
[BlackElo "1867"]
[PlyCount "89"]
[GameId "2119378235918058"]
[EventDate "2024.11.03"]
[EventType "team-tourn"]
[EventRounds "9"]
[EventCountry "HUN"]
[Source "chess.hu"]
[WhiteTeam "Geniusz Tata-Naszaly"]
[BlackTeam "Tatabanyai SC"]
[WhiteTeamCountry "HUN"]
[BlackTeamCountry "HUN"]

1. c4 e5 2. e4 Nf6 3. Nc3 Bc5 4. d3 d6 5. h3 Be6 6. Nf3 O-O 7. Be2 c6 8. O-O Qd7 9. Ng5 Ne8 10. Nxe6 Qxe6 11. Be3 Bb4 12. Qb3 Bxc3 13. bxc3 b6 14. f4 exf4 15. Rxf4 Nd7 16. Bg4 Qe7 17. Bxd7 Qxd7 18. Raf1 Nc7 19. Rg4 Rfe8 20. Qd1 Ne6 21. Qf3 Rab8 22. d4 g6 23. Bh6 Qe7 24. d5 Ng7 25. Bg5 Qc7 26. Rf4 Rf8 27. Bh6 cxd5 28. exd5 Rb7 29. Re4 Qd8 30. g4 b5 31. Rb1 a6 32. cxb5 axb5 33. Reb4 Re8 34. Rxb5 Rxb5 35. Rxb5 Qh4 36. Bd2 h5 37. Rb4 hxg4 38. hxg4 Qe7 39. a4 Ra8 40. Qe4 Qd7 41. Rc4 Ne8 42. Bh6 Rb8 43. Rb4 Ra8 44. Bg5 Qc7 45. Qd4 1/2-1/2

[Event "NB2 Breyer csoport"]
[Site "Tatabanya"]
[Date "2024.12.01"]
[Round "3.12"]
[White "Sopow, Tamas Dr"]
[Black "Nemeth, Zoltan"]
[Result "1-0"]
[WhiteElo "1812"]
[BlackElo "1579"]
[PlyCount "75"]
[GameId "2119378192971482"]
[EventDate "2024.11.03"]
[EventType "team-tourn"]
[EventRounds "9"]
[EventCountry "HUN"]
[Source "chess.hu"]
[WhiteTeam "Tatabanyai SC"]
[BlackTeam "Geniusz Tata-Naszaly"]
[WhiteTeamCountry "HUN"]
[BlackTeamCountry "HUN"]

1. d4 d5 2. Nf3 Bf5 3. Bf4 Nf6 4. e3 e6 5. Nbd2 Bd6 6. Ne5 O-O 7. Be2 c5 8. c3 Qb6 9. Qb3 c4 10. Qxb6 axb6 11. O-O Nc6 12. Nxc6 bxc6 13. Bxd6 Rfe8 14. h3 Rad8 15. Bh2 Nd7 16. Nf3 c5 17. Nh4 Bd3 18. Bxd3 cxd3 19. Nf3 c4 20. Rfb1 Nf6 21. Nd2 Ne4 22. Nxe4 dxe4 23. Bc7 Rd7 24. Bxb6 Rb8 25. Bc5 e5 26. a3 Rb3 27. Bb4 exd4 28. exd4 f5 29. Ra2 f4 30. Re1 d2 31. Rd1 e3 32. fxe3 fxe3 33. Kf1 Rf7+ 34. Ke2 Rf2+ 35. Kxe3 Rxg2 36. Rxd2 Rg3+ 37. Kf4 Rg1 38. d5 1-0